Guess the kpop group by lightstick - Statistics

General Stats
  • This quiz has been taken 187 times
  • The average score is 9 of 12
Answer Stats
Picture Answer % Correct
Txt
99%
Blackpink
98%
Twice
96%
Straykids
95%
Exo
88%
Itzy
85%
The boyz
77%
Mamamoo
62%
Apink
59%
Dreamcatcher
58%
Got7
54%
Treasure
39%
No matching quizzes found
Score Distribution
Percent of People with Each Score
Percentile by Number Answered
Your Score History
You have not taken this quiz